Electricity and magnetism : (Record no. 189121)
[ view plain ]
| 000 -LEADER | |
|---|---|
| fixed length control field | 00826 a2200157 4500 |
| 003 - CONTROL NUMBER IDENTIFIER | |
| control field | NUST |
| 005 - DATE AND TIME OF LATEST TRANSACTION | |
| control field | 20221202144100.0 |
| 040 ## - CATALOGING SOURCE | |
| Transcribing agency | Nust |
| 082 ## - DEWEY DECIMAL CLASSIFICATION NUMBER | |
| Classification number | 537,PUR |
| 100 ## - MAIN ENTRY--PERSONAL NAME | |
| Personal name | Edward M. Purcell |
| 9 (RLIN) | 23744 |
| 245 ## - TITLE STATEMENT | |
| Title | Electricity and magnetism : |
| Remainder of title | Berkeley physics course-volume-2 / |
| Statement of responsibility, etc. | Edward M. Purcell |
| 260 ## - PUBLICATION, DISTRIBUTION, ETC. | |
| Place of publication, distribution, etc. | New York |
| Name of publisher, distributor, etc. | McGraw-Hill |
| Date of publication, distribution, etc. | 1972 |
| 300 ## - PHYSICAL DESCRIPTION | |
| Extent | xviii,459 p.: |
| 505 ## - FORMATTED CONTENTS NOTE | |
| Formatted contents note | Electrostatics: Charges and Fields (Page-2), The Electronic Potential (Page-36), Electric Field around Conductors (Page-80), Electric Currents (Page-110), The Fields of Moving Charges (Page-148), The Magnetic Field (Page-184), Electromagnetic Induction and Maxwell’s Equations (Page-226), Alternating –current Circuits (Page-274), Electric Fields in Matter (Page-298), Magnetic Fields in Matter (Page-352). |
| 942 ## - ADDED ENTRY ELEMENTS (KOHA) | |
| Source of classification or shelving scheme | |
| Koha item type | Book |
| Call number prefix | 537,PUR |
| Withdrawn status | Lost status | Source of classification or shelving scheme | Damaged status | Not for loan | Permanent Location | Current Location | Shelving location | Date acquired | Full call number | Barcode | Date last seen | Price effective from | Koha item type | Public note | Collection code | Total Checkouts |
|---|---|---|---|---|---|---|---|---|---|---|---|---|---|---|---|---|
| Military College of Signals (MCS) | Military College of Signals (MCS) | General Stacks | 12/12/2016 | 537,PUR | MCS34840 | 12/08/2016 | 12/12/2016 | Book | Almirah No.16, Shelf No.4 | |||||||
| Military College of Signals (MCS) | Military College of Signals (MCS) | 12/12/2016 | 537 PUR | MCS36630 | 12/08/2016 | 12/12/2016 | Book |
